00448nam a2200181 a 4500001001300000003000900013005001700022008004100039020001000080082001300090245002100103260003000124300000900154500003500163505002800198650001000226710003000236nice12345678IN_TiNIC20260116012143.0050524s0000 teha grp 000 0 urd  ac10000a245bNOO aSorood-E-Roohani aTehranbNur-I-Jahanc0000 a166p aincludes index and biblioraphy2 aHand Written Manuscript aHymns2 aNoor-I-jahan Publications